| 000 | 00647nam a2200217 a 4500 | ||
|---|---|---|---|
| 001 | 000031940 | ||
| 003 | OSt | ||
| 005 | 20240412074255.0 | ||
| 008 | 110707s1964 dr r 000 0 spa d | ||
| 040 |
_aDO-SdBNP _bspa _cBNPHU |
||
| 082 | 4 |
_aRD861.4 _bR618a _222 |
|
| 100 | 1 |
_aRivas, Jorge _958109 |
|
| 245 | 1 | 0 |
_aAncla en el tiempo / _cJorge Rivas. |
| 260 |
_aSantiago de los Caballeros,República Dominicana : _b[s.n.], _c1964. |
||
| 300 |
_a66 p. ; _c21 cm. |
||
| 590 | _aInventariado, 2019/BT | ||
| 650 | 4 |
_aPoesía dominicana _977377 |
|
| 650 | 0 |
_aLiteratura dominicana. _967 |
|
| 910 | _aValidado. Control de calidad MFF | ||
| 942 |
_2ddc _cLBS1 |
||
| 999 |
_c31431 _d31431 |
||